Estadísticas para 15 principales países afectados por Covid19 - 22 de mayo

Haz click aquí para intentar la prueba.

Estadísticas generales

  • Esta prueba ha sido intentada 3 veces
  • La puntuación promedio es 20 de 25

Estadísticas de respuestas

país% Correcto
Alemania
100%
Bélgica
100%
Brasil
100%
China
100%
España
100%
Estados Unidos
100%
Francia
100%
India
100%
Irlanda
100%
Italia
100%
Reino Unido
100%
Rusia
100%
Suecia
100%
Arabia Saudita
67%
Baréin
67%
Canadá
67%
Catar
67%
Chile
67%
Irán
67%
Perú
67%
Suiza
67%
Turquía
67%
Bielorrusia
33%
Kuwait
33%
Singapur
33%

Distribución de puntuación

Porcentaje por número respondido

Porcentaje de gente con cada puntuación

Historial de tus puntuaciones

No has intentado esta prueba.